| 000 | 00659nam a2200145 a 4500 | ||
|---|---|---|---|
| 008 | 070917s2007 ||||||||||||||||| || u | ||
| 050 | _aTHESIS/MBA | ||
| 100 | _aMaambo, Charles | ||
| 245 | 1 | 4 |
_aThe impact of fuel price on the manufacturing sector: the case of the Copperbelt Province, Zambia _cSupervised by Prof. John Lungu |
| 260 |
_aKitwe _bCopperbelt University, School of Business, MBA Programme _c2007 |
||
| 350 | _a0.00 | ||
| 650 | 0 | _aBUSINESS | |
| 650 | _aFUEL PRICES--RESEARCH--ZAMBIA | ||
| 995 |
_D0.00 _FCBU-MAIN LIBRARY (Kitwe) _H1 _I0.00 _M1 _UAVAILABLE _WSep 17, 2007 _ZUniversity Collection |
||
| 999 |
_c46275 _d46275 |
||